Sports Quiz

Random Sports or NFL Quiz

NFL - Top 5 Receiving TEs by Letter Quiz Stats

 Plays Quiz not verified by Sporcle

Challenge
Share
Tweet
Embed
Score 0/91 Timer 12:00
0 Plays Today
Letter Player % Correct
GTony Gonzalez
95%
GAntonio Gates
90.9%
WJason Witten
90.9%
GJimmy Graham
82.6%
GRob Gronkowski
81.8%
SShannon Sharpe
76%
DVernon Davis
75.6%
JBrent Jones
75.6%
JFreddie Jones
75.6%
JEric Johnson
75.6%
WKellen Winslow
74.4%
WKellen Winslow Jr
74.4%
MHeath Miller
73.1%
SJackie Smith
73.1%
SJerry Smith
73.1%
CDallas Clark
71.5%
JKeith Jackson
71.5%
TJulius Thomas
69.4%
TAaron Thomas
69.4%
OGreg Olsen
66.9%
LMarcedes Lewis
59.1%
LChad Lewis
59.1%
SJeremy Shockey
56.6%
ATaz Anderson
53.7%
DMike Ditka
53.3%
NOzzie Newsome
52.9%
DOwen Daniels
52.5%
CBen Coates
52.1%
BMartellus Bennett
51.7%
HTodd Heap
50.4%
NJay Novacek
42.6%
Letter Player % Correct
BMark Bavaro
41.3%
EZach Ertz
38.8%
YCharle Young
37.6%
FJermichael Finley
37.2%
PBrandon Pettigrew
37.2%
CDave Casper
36.4%
HJackie Harris
33.9%
WWesley Walls
33.5%
WFrank Wycheck
29.8%
PDennis Pitta
28.5%
MJohn Mackey
28.1%
CTodd Christensen
27.7%
JSteve Jordan
27.3%
RAlvin Reed
26.9%
PMarcus Pollard
26%
HDavid Hill
24.4%
TJacob Tamme
24.4%
KDustin Keller
23.1%
FAnthony Fasano
21.1%
ETyler Eifert
19.4%
MJim Mitchell
19.4%
FRuss Francis
19%
BKyle Brady
18.6%
NTerry Nelson
17.8%
LDonald Lee
17.4%
MRandy McMichael
15.3%
SMickey Shuler
11.6%
DBilly Joe DuPree
11.2%
KBob Klein
11.2%
RDan Ross
10.3%
DKen Dilger
9.9%
Letter Player % Correct
FChristian Fauria
9.5%
AStephen Alexander
9.1%
ORiley Odoms
9.1%
TBob Trumpy
9.1%
EFerrell Edmunds
7.4%
TBob Tucker
7%
GJimmie Giles
6.6%
HRodney Holman
6.2%
BHoby Brenner
5.4%
RJay Riemersma
5%
VStu Voigt
5%
CRich Caster
4.5%
HPete Holohan
4.5%
ARobert Awalt
3.7%
NPettis Norman
3.3%
RPete Retzlaff
3.3%
BJerome Barkum
2.9%
AFred Arbanas
2.1%
KEd Kwalick
2.1%
KKeith Krepfle
2.1%
AJamie Asher
1.2%
FWillie Frazier
1.2%
MMilt Morin
1.2%
KDave Kocourek
0.8%
LPete Lammons
0.8%
LGreg Latta
0.4%
PRay Poage
0.4%
PGene Prebola
0.4%
RTony Romeo
0.4%

You're not logged in!

Compare scores with friends on all Sporcle quizzes.
Join for Free
OR
Log In

You Might Also Like...

Show Comments

Extras

Top Quizzes Today


Score Distribution

Your Account Isn't Verified!

In order to create a playlist on Sporcle, you need to verify the email address you used during registration. Go to your Sporcle Settings to finish the process.

Report this User

Report this user for behavior that violates our Community Guidelines.

Details: